[Event "Tournoi Skype 012B"]
[Site "Skype"]
[Date "????.??.??"]
[Round "1.1"]
[White "Raheja, Shiv"]
[Black "Hargez, Dany"]
[Result "1-0"]
[WhiteElo "1334"]
[BlackElo "1472"]
[PlyCount "84"]

1. e4 d5 2. exd5 Qxd5 3. Nc3 Qe5+ 4. Be2 Bg4 5. Nf3 Bxf3 6. gxf3 c6 7. d3 Qc7
8. Be3 e5 9. Ne4 Be7 10. Rg1 g6 11. Qd2 Nd7 12. f4 f5 13. Ng5 Ngf6 14. O-O-O
Bc5 15. Ne6 Qb6 16. d4 exd4 17. Bxd4 Ne4 18. Qe3 Ke7 19. Nxc5 Qa5 20. Bxh8
Ndxc5 21. a3 Rxh8 22. Qd4 Rd8 23. Qg7+ Ke6 24. Bc4+ Rd5 25. Qg8+ Kd6 26. Bxd5
Nxf2 27. Qf8+ Kc7 28. Qe7+ Nd7 29. Bxc6 bxc6 30. Rxd7+ Kb6 31. Qe3+ Qc5 32.
Qb3+ Ka5 33. Qc3+ Qxc3 34. bxc3 a6 35. Rxh7 Ne4 36. Rxg6 Kb6 37. h4 Nxc3 38. h5
Ne2+ 39. Kd2 Nxf4 40. Rf6 Nxh5 41. Rxh5 Kb5 42. Rhxf5+ c5 1-0

[Event "Tournoi Skype 012B"]
[Site "Skype"]
[Date "????.??.??"]
[Round "1.2"]
[White "Ramirez Reina, Orlando"]
[Black "Porcabeuf, Jean-Marc"]
[Result "1-0"]
[WhiteElo "1469"]
[BlackElo "1324"]
[PlyCount "79"]

1. d4 d5 2. c4 e6 3. Nc3 Nd7 4. Nf3 c6 5. Bg5 Ngf6 6. e3 Be7 7. cxd5 exd5 8.
Bd3 O-O 9. O-O b6 10. Qd2 Bb7 11. Bf5 Bd6 12. Bxd7 Qxd7 13. h3 Nh5 14. Ne5 Bxe5
15. dxe5 Rfe8 16. f4 Re6 17. Qe2 Ng3 18. Qg4 Nxf1 19. Rxf1 Rae8 20. Re1 c5 21.
Rd1 Qc6 22. Rxd5 Rg6 23. Qd7 Qxd7 24. Rxd7 Bc8 25. Rxa7 h6 26. Be7 Bxh3 27. Kh2
Bxg2 28. f5 Rg4 29. f6 gxf6 30. Bxf6 h5 31. Nb5 h4 32. Nd6 Rg3 33. Nxe8 Bc6 34.
Nd6 Rg2+ 35. Kh3 Rxb2 36. Rxf7 Bd5 37. Rg7+ Kf8 38. e4 Bxa2 39. Ra7 Be6+ 40.
Kxh4 1-0

[Event "Tournoi Skype 012B"]
[Site "Skype"]
[Date "????.??.??"]
[Round "1.3"]
[White "Vervoort, Jean-Louis"]
[Black "Martin, Jean-Claude"]
[Result "0-1"]
[WhiteElo "1306"]
[BlackElo "1439"]
[PlyCount "52"]

1. e4 e5 2. Nf3 Nc6 3. Nc3 Nf6 4. d3 Bb4 5. Bd2 O-O 6. Be2 Re8 7. O-O h6 8. a3
Bxc3 9. Bxc3 d5 10. Qc1 dxe4 11. dxe4 Nxe4 12. Qe3 Nxc3 13. Qxc3 Nd4 14. Rfe1
Bf5 15. Bd3 e4 16. Nxd4 exd3 17. Rxe8+ Qxe8 18. cxd3 Qd7 19. h3 Re8 20. Re1
Rxe1+ 21. Qxe1 Qxd4 22. Qe8+ Kh7 23. Qxf7 Bxd3 24. Qb3 b6 25. a4 Bc4 26. Qa2
Bxa2 0-1

[Event "Tournoi Skype 012B"]
[Site "Skype"]
[Date "????.??.??"]
[Round "1.4"]
[White "Gerbaux, Regis"]
[Black "Steenkamp, Brandt"]
[Result "0-1"]
[WhiteElo "1435"]
[BlackElo "1285"]
[PlyCount "48"]

1. e4 e6 2. d4 d5 3. e5 c5 4. c3 Nc6 5. Nf3 Qb6 6. h3 f6 7. exf6 Nxf6 8. b3
cxd4 9. cxd4 Bb4+ 10. Bd2 Nxd4 11. Bxb4 Qxb4+ 12. Qd2 Nc2+ 13. Kd1 Qxd2+ 14.
Kxd2 Nxa1 15. Nc3 O-O 16. Bd3 Nxb3+ 17. axb3 Nh5 18. Ne2 e5 19. Bc2 e4 20. g4
Rxf3 21. gxh5 Rxf2 22. Ke1 Rf5 23. Ng3 Rg5 24. Rg1 Bxh3 0-1

[Event "Tournoi Skype 012B"]
[Site "Skype"]
[Date "????.??.??"]
[Round "1.6"]
[White "Rugman, Dan"]
[Black "Alverson, Ginny"]
[Result "1-0"]
[WhiteElo "1418"]
[BlackElo "1244"]
[PlyCount "91"]

1. e4 c5 2. Nf3 Nc6 3. d4 Nxd4 4. Nxd4 cxd4 5. Qxd4 Qc7 6. Bc4 e6 7. O-O Ne7 8.
Bh6 e5 9. Bxf7+ Kxf7 10. Qe3 gxh6 11. Nd2 Rg8 12. f4 exf4 13. Rxf4+ Ke8 14.
Raf1 Qe5 15. Nf3 Ng6 16. Nxe5 Nxe5 17. Rxf8+ Rxf8 18. Rxf8+ Kxf8 19. Qxh6+ Kg8
20. Qg5+ Ng6 21. h4 d6 22. Qd8+ Nf8 23. h5 Kf7 24. e5 dxe5 25. Qd5+ Kf6 26.
Qd6+ Ne6 27. Qd3 b6 28. Qxh7 Ba6 29. Qg6+ Ke7 30. h6 Nf8 31. Qg8 Re8 32. h7
Nxh7 33. Qxh7+ Kd8 34. Qxa7 Bc8 35. Qxb6+ Kd7 36. Qb5+ Kd8 37. Qd5+ Bd7 38. c4
e4 39. Kf2 e3+ 40. Ke2 Kc7 41. c5 Bc6 42. Qf7+ Bd7 43. g4 Kc6 44. g5 Bg4+ 45.
Ke1 Rh8 46. Qf6+ 1-0

[Event "Tournoi Skype 012B"]
[Site "Skype"]
[Date "????.??.??"]
[Round "1.8"]
[White "Maneval, Dustin"]
[Black "Martin, Elise"]
[Result "1-0"]
[WhiteElo "1399"]
[BlackElo "1222"]
[PlyCount "33"]

1. e4 e5 2. Nc3 Nf6 3. Bc4 Bc5 4. d3 Nc6 5. Bg5 O-O 6. a3 h6 7. Qd2 d6 8. O-O-O
Na5 9. Ba2 c6 10. b4 Nb3+ 11. Bxb3 Bd4 12. Nge2 Qb6 13. Nxd4 exd4 14. Ne2 c5
15. Bxf6 g6 16. Qxh6 d5 17. Qg7# 1-0

[Event "Tournoi Skype 012B"]
[Site "Skype"]
[Date "????.??.??"]
[Round "1.9"]
[White "Tamditi, Ibrahim"]
[Black "Paquay, Renaud"]
[Result "1-0"]
[WhiteElo "1220"]
[BlackElo "1399"]
[PlyCount "27"]

1. e4 c5 2. Bc4 e6 3. Nc3 Nf6 4. e5 Ng4 5. Qxg4 Nc6 6. d3 h6 7. Be3 Nxe5 8. Qg3
d6 9. Bb5+ Bd7 10. Bxd7+ Nxd7 11. O-O-O d5 12. d4 c4 13. Nb5 Qb6 14. Nc7+ 1-0

[Event "Tournoi Skype 012B"]
[Site "Skype"]
[Date "????.??.??"]
[Round "1.10"]
[White "Roos, Johan"]
[Black "Sauvaget, Joel"]
[Result "1-0"]
[WhiteElo "1399"]
[BlackElo "1213"]
[PlyCount "53"]

1. e4 e5 2. Nf3 Nc6 3. Bb5 d6 4. O-O Bd7 5. d4 exd4 6. Bxc6 Bxc6 7. Nxd4 Bd7 8.
Re1 Be7 9. Nc3 Nf6 10. Qd3 h6 11. Qg3 Bc6 12. Qxg7 Kd7 13. e5 dxe5 14. Nxc6
bxc6 15. Rxe5 Kc8 16. Qxf7 Bb4 17. Bf4 Bd6 18. Qc4 Bxe5 19. Bxe5 Rf8 20. Qxc6
Rb8 21. Rd1 Qe7 22. Bd6 Qd7 23. Qa6+ Rb7 24. Bxf8 Qe8 25. Nb5 Qxb5 26. Qe6+ Qd7
27. Rxd7 1-0

[Event "Tournoi Skype 012B"]
[Site "Skype"]
[Date "????.??.??"]
[Round "1.11"]
[White "Armingaud, Jean-Claude"]
[Black "Ruiz Gomez, Luz Alba"]
[Result "0-1"]
[WhiteElo "1189"]
[BlackElo "1399"]
[PlyCount "24"]

1. e4 e5 2. Nf3 Nc6 3. Bc4 Nf6 4. Ng5 d5 5. exd5 Nxd5 6. Qf3 Qxg5 7. Bxd5 Qf6
8. Bxf7+ Qxf7 9. Qxf7+ Kxf7 10. O-O g6 11. Re1 Bc5 12. Rxe5 Nxe5 0-1

[Event "Tournoi Skype 012B"]
[Site "Skype"]
[Date "????.??.??"]
[Round "1.12"]
[White "Vello, Pablo"]
[Black "Lequeux, Pierre"]
[Result "1/2-1/2"]
[WhiteElo "1399"]
[BlackElo "1176"]
[PlyCount "80"]

1. d4 d5 2. c4 Nf6 3. Bg5 c6 4. Bxf6 exf6 5. a3 Bd6 6. Nf3 O-O 7. Nc3 dxc4 8.
e4 Be6 9. d5 Bg4 10. Bxc4 b5 11. Be2 Qa5 12. O-O b4 13. Qa4 Bc7 14. Qxb4 cxd5
15. Qxa5 Bxa5 16. Nxd5 Bd8 17. h3 Be6 18. Nd4 Bxd5 19. exd5 g6 20. Bb5 Bb6 21.
Rad1 Rd8 22. Bc4 Nd7 23. Nc6 Re8 24. Rfe1 Ne5 25. Nxe5 fxe5 26. b4 a5 27. Bb5
Re7 28. d6 Re6 29. Bc4 Rf6 30. Re2 Rf5 31. b5 a4 32. Rd5 Kh8 33. Rdxe5 Rf6 34.
Re8+ Rxe8 35. Rxe8+ Kg7 36. d7 Rd6 37. Re7 Rd1+ 38. Kh2 Bc7+ 39. g3 Bb6 40.
Rxf7+ Kh6 1/2-1/2

[Event "Tournoi Skype 012B"]
[Site "Skype"]
[Date "????.??.??"]
[Round "1.13"]
[White "Farthouat, Titoine"]
[Black "Gharbi, Said"]
[Result "0-1"]
[WhiteElo "1164"]
[BlackElo "1395"]
[PlyCount "78"]

1. e4 e5 2. Nf3 Nc6 3. Bb5 Nd4 4. Nxd4 exd4 5. c3 Bc5 6. Qh5 Qe7 7. e5 c6 8.
Bc4 g6 9. Qe2 Nh6 10. d3 Nf5 11. b4 Bb6 12. a4 dxc3 13. Nxc3 Nd4 14. Qa2 Qxe5+
15. Be3 d5 16. Bxd5 cxd5 17. O-O Be6 18. Rfe1 Bc7 19. Bxd4 Qxh2+ 20. Kf1 O-O
21. Nxd5 Rfe8 22. Nf6+ Kf8 23. Bc5+ Kg7 24. Nxe8+ Rxe8 25. Qb2+ Kg8 26. Bxa7
Qh1+ 27. Ke2 Bg4+ 28. Kd2 Bf4+ 29. Be3 Bxe3+ 30. Rxe3 Qh6 31. b5 Qf4 32. f3
Qxe3+ 33. Kc3 Rc8+ 34. Kb3 Be6+ 35. Ka3 Qxd3+ 36. Kb4 Rc4+ 37. Ka5 Qd8+ 38. b6
Qa8+ 39. Kb5 Qa6# 0-1

[Event "Tournoi Skype 012B"]
[Site "Skype"]
[Date "????.??.??"]
[Round "1.14"]
[White "Prasad, Sanjay"]
[Black "Lecluyse, Koenraad"]
[Result "1/2-1/2"]
[WhiteElo "1382"]
[BlackElo "1157"]
[PlyCount "109"]

1. d4 d5 2. c4 e6 3. cxd5 exd5 4. e3 Nf6 5. Nc3 c6 6. Nf3 Bd6 7. Be2 O-O 8. O-O
Be6 9. Qd2 Nbd7 10. e4 Nxe4 11. Nxe4 dxe4 12. Ng5 Nf6 13. Nxe6 fxe6 14. Bc4 Re8
15. a3 a5 16. h3 Qc7 17. Kh1 h5 18. Qg5 Qf7 19. f3 Kh8 20. fxe4 Nxe4 21. Rxf7
Nxg5 22. Bxg5 b5 23. Bd3 e5 24. dxe5 Rxe5 25. Bf4 Rd5 26. Bxd6 Rxd6 27. Rd1 Re8
28. Rf2 c5 29. Be2 Rxd1+ 30. Bxd1 b4 31. axb4 axb4 32. Bxh5 Rc8 33. b3 c4 34.
bxc4 Rxc4 35. Rf8+ Kh7 36. Bf7 Rc3 37. Bg8+ Kg6 38. Kh2 b3 39. Bxb3 Rxb3 40. g4
Kg5 41. Rf5+ Kh6 42. h4 g6 43. Rg5 Rf3 44. h5 gxh5 45. Rxh5+ Kg6 46. Kg2 Rf6
47. Kg3 Kg7 48. g5 Rg6 49. Kg4 Kf7 50. Rh6 Rxh6 51. gxh6 Kg8 52. Kg5 Kh8 53.
Kg6 Kg8 54. h7+ Kh8 55. Kh6 1/2-1/2

[Event "Tournoi Skype 012B"]
[Site "Skype"]
[Date "????.??.??"]
[Round "1.15"]
[White "Melin, Christiane"]
[Black "Coruble, Didier"]
[Result "1-0"]
[WhiteElo "1130"]
[BlackElo "1378"]
[PlyCount "63"]

1. e4 c5 2. Nf3 Nc6 3. d4 cxd4 4. Nxd4 e5 5. Nb3 b6 6. Nc3 Nf6 7. Bd3 Be7 8.
O-O O-O 9. Bd2 Bb7 10. Re1 Nd4 11. Nxd4 exd4 12. Nd5 Nxd5 13. exd5 Bxd5 14. Bb5
a6 15. Ba4 b5 16. Bb3 Bb7 17. a3 Rc8 18. Bb4 Bxb4 19. axb4 Rc6 20. Qxd4 Rg6 21.
Bd5 Qc7 22. Qe4 Rh6 23. g3 Bc8 24. Qe7 Rf6 25. Re3 h6 26. Rae1 Qxc2 27. R3e2
Qd3 28. Qc5 d6 29. Qc6 Bh3 30. Re8 Qf5 31. Rxf8+ Kh7 32. Be4 1-0

[Event "Tournoi Skype 012B"]
[Site "Skype"]
[Date "????.??.??"]
[Round "1.16"]
[White "Mordaa, Ahmad"]
[Black "Baker, Abi"]
[Result "1-0"]
[WhiteElo "1377"]
[BlackElo "1129"]
[PlyCount "79"]

1. e4 e6 2. d3 d5 3. Nd2 d4 4. c3 Bc5 5. cxd4 Bxd4 6. Ngf3 Nc6 7. Nxd4 Nxd4 8.
Qa4+ c6 9. g3 b5 10. Qd1 Nf6 11. Bg2 e5 12. O-O Bg4 13. f3 Qb6 14. Kh1 h5 15.
Nb3 Nf5 16. exf5 Bxf5 17. Qe2 O-O-O 18. Qxe5 Rd5 19. Qf4 Re8 20. Be3 Rxe3 21.
d4 a5 22. Qxe3 Qc7 23. f4 Ng4 24. Qe8+ Rd8 25. Qxc6 Qxc6 26. Bxc6 Rd6 27. Rac1
Re6 28. Be4+ Kd7 29. Bxf5 Ne3 30. Bxe6+ fxe6 31. Rfe1 Nc4 32. Nc5+ Kd6 33. Nxe6
Nxb2 34. Rc2 Nd3 35. Rd1 Nb4 36. Re2 g6 37. Ng5 Kd5 38. Re5+ Kd6 39. Nf7+ Kd7
40. Rxb5 1-0

[Event "Tournoi Skype 012B"]
[Site "Skype"]
[Date "????.??.??"]
[Round "1.17"]
[White "Rival, Jocelyn"]
[Black "Prasad Singh, Ambika"]
[Result "0-1"]
[WhiteElo "1114"]
[BlackElo "1376"]
[PlyCount "50"]

1. e4 c5 2. Nc3 d6 3. Nf3 Nf6 4. d3 h6 5. Be3 a6 6. Be2 Nc6 7. d4 cxd4 8. Nxd4
e5 9. Nxc6 bxc6 10. O-O Be7 11. Bd3 O-O 12. Re1 Bb7 13. Qf3 d5 14. exd5 cxd5
15. Na4 Qa5 16. Nb6 Rad8 17. Bd2 Qxb6 18. b3 e4 19. Qg3 Bd6 20. Be3 Qc7 21. f4
exd3 22. cxd3 Bc5 23. d4 Ne4 24. Qh4 Be7 25. Qf2 Nxf2 0-1

[Event "Tournoi Skype 012B"]
[Site "Skype"]
[Date "????.??.??"]
[Round "1.18"]
[White "Cossalter, Maurizio"]
[Black "Pedneault, Anne-Frederique"]
[Result "1-0"]
[WhiteElo "1370"]
[BlackElo "1102"]
[PlyCount "59"]

1. Nf3 Nc6 2. d4 d5 3. c4 e6 4. e3 Nf6 5. Nc3 Bb4 6. Bd3 O-O 7. a3 Ba5 8. b4
Bb6 9. c5 Ba5 10. Bb5 a6 11. Bxc6 bxc6 12. bxa5 Rb8 13. O-O Re8 14. Qc2 Ng4 15.
Re1 e5 16. dxe5 Nxe5 17. Nxe5 Rxe5 18. Qe2 g6 19. e4 d4 20. Rd1 Rb3 21. Bb2 Qh4
22. Rxd4 Bg4 23. f3 Bh3 24. Qxa6 Qg5 25. Qa8+ Kg7 26. g3 Rxb2 27. f4 Rg2+ 28.
Kh1 Qg4 29. Rd8 Qe2 30. Nxe2 1-0

[Event "Tournoi Skype 012B"]
[Site "Skype"]
[Date "????.??.??"]
[Round "1.20"]
[White "Grib, Johannes"]
[Black "Lemoine, Gerard"]
[Result "1-0"]
[WhiteElo "1357"]
[BlackElo "1040"]
[PlyCount "47"]

1. e4 d5 2. exd5 Qxd5 3. Nc3 Qd8 4. d4 e6 5. a3 Be7 6. Qg4 g6 7. Bf4 Nf6 8. Qg3
Nc6 9. Nb5 O-O 10. Bh6 Bd6 11. Nxd6 Nh5 12. Qc3 Re8 13. Ne4 Nxd4 14. O-O-O e5
15. Nf3 f5 16. Neg5 b5 17. Nxd4 exd4 18. Qb3+ Kh8 19. Nf7+ Kg8 20. Nxd8+ Kh8
21. Qd5 Bb7 22. Nxb7 Nf6 23. Qf7 Ng8 24. Qg7# 1-0

[Event "Tournoi Skype 012B"]
[Site "Skype"]
[Date "????.??.??"]
[Round "1.21"]
[White "Gagnon, Sindy"]
[Black "Gabriele, Noel"]
[Result "0-1"]
[WhiteElo "1003"]
[BlackElo "1355"]
[PlyCount "46"]

1. d4 d5 2. e3 Nf6 3. Nf3 a6 4. Bd3 Nc6 5. O-O e6 6. c3 Bd6 7. Qc2 O-O 8. Bd2
Re8 9. c4 dxc4 10. Bxc4 e5 11. Ng5 Be6 12. d5 Nxd5 13. e4 Nf6 14. b3 b5 15. Be2
Nd4 16. Qd1 h6 17. Nf3 Nxe4 18. Nxd4 exd4 19. Bd3 Nc5 20. Bc2 Qh4 21. Re1 Qxh2+
22. Kf1 Qh1+ 23. Ke2 Bg4# 0-1

[Event "Tournoi Skype 012B"]
[Site "Skype"]
[Date "????.??.??"]
[Round "1.22"]
[White "Yeter, Orhan"]
[Black "Farthouat, Catherine"]
[Result "1-0"]
[WhiteElo "1345"]
[BlackElo "1000"]
[PlyCount "33"]

1. e4 e6 2. d4 d5 3. e5 c5 4. Nf3 a6 5. c4 Nc6 6. Nc3 cxd4 7. Nxd4 Nxd4 8. Qxd4
Bb4 9. Bd2 Ne7 10. cxd5 O-O 11. Qxb4 b5 12. d6 Nc6 13. Qc5 Qd7 14. Ne4 Rd8 15.
Nf6+ gxf6 16. exf6 Bb7 17. Qg5+ 1-0

[Event "Tournoi Skype 012B"]
[Site "Skype"]
[Date "????.??.??"]
[Round "1.23"]
[White "Marty, Yvette"]
[Black "Capdeville, Jean"]
[Result "0-1"]
[WhiteElo "1000"]
[BlackElo "1341"]
[PlyCount "62"]

1. e4 e5 2. Nf3 d6 3. d4 Nd7 4. Be3 Be7 5. Nc3 Ngf6 6. Bc4 c6 7. O-O Ng4 8. Re1
Nxe3 9. Rxe3 Nf6 10. dxe5 dxe5 11. Nxe5 Be6 12. Bd3 O-O 13. Qd2 Qc7 14. f4 Bc5
15. Kh1 Bxe3 16. Qxe3 b6 17. a4 a6 18. b3 c5 19. Rb1 Rad8 20. Bxa6 Rd6 21. Be2
Rfd8 22. Nb5 Qe7 23. Nxd6 Qxd6 24. c4 Qd4 25. Qf3 Nxe4 26. Nd3 Nd2 27. Qg3 Nxb1
28. h3 Nc3 29. Bf1 Bf5 30. Qg5 Bxd3 31. Bxd3 Qxd3 0-1

[Event "Tournoi Skype 012B"]
[Site "Skype"]
[Date "????.??.??"]
[Round "1.24"]
[White "Milanese, Serge"]
[Black "Talbot, Jean"]
[Result "1-0"]
[WhiteElo "1339"]
[BlackElo "1000"]
[PlyCount "55"]

1. e4 e5 2. Nf3 Nc6 3. c3 Nf6 4. d3 Bc5 5. Bg5 h6 6. Bh4 O-O 7. d4 exd4 8. Nxd4
Nxd4 9. cxd4 Bb4+ 10. Nc3 Re8 11. Bd3 Be7 12. O-O d6 13. Qb3 Rb8 14. Rae1 Be6
15. Qc2 Ng4 16. Bg3 Bh4 17. h3 Bxg3 18. hxg4 Bh4 19. e5 dxe5 20. Bh7+ Kf8 21.
Rxe5 Bxg4 22. Qe4 f6 23. Rxe8+ Qxe8 24. Qxg4 Bg5 25. Qf5 Qf7 26. Re1 Re8 27.
Qc5+ Re7 28. Nd5 1-0

[Event "Tournoi Skype 012B"]
[Site "Skype"]
[Date "????.??.??"]
[Round "2.1"]
[White "Vincent, Andre"]
[Black "Ramirez Reina, Orlando"]
[Result "0-1"]
[WhiteElo "1360"]
[BlackElo "1469"]
[PlyCount "116"]

1. d4 Nf6 2. c4 e6 3. Nf3 d5 4. e3 c6 5. Nc3 Bb4 6. Bd3 Bxc3+ 7. bxc3 O-O 8.
O-O Re8 9. Qd2 Nbd7 10. Re1 e5 11. cxd5 cxd5 12. Bb5 a6 13. Bxd7 Nxd7 14. dxe5
Nxe5 15. Nxe5 Rxe5 16. c4 Be6 17. Bb2 Re4 18. Rac1 Rc8 19. c5 Rc4 20. Rxc4 dxc4
21. Qxd8+ Rxd8 22. Bc3 Rd3 23. Rc1 Bd7 24. Kf1 Bc6 25. g3 Bf3 26. Ke1 f6 27. a3
Kf7 28. h3 Ke7 29. a4 Kd7 30. a5 Kc6 31. Bd4 Kd5 32. Kf1 Ra3 33. Ra1 Rxa1+ 34.
Bxa1 Kxc5 35. Bc3 Kb5 36. Ke1 b6 37. axb6 Kxb6 38. Kd2 Kb5 39. Kc2 Ka4 40. Kb2
a5 41. Ka2 Bg2 42. h4 Bf3 43. Kb2 h6 44. Ka2 Bd1 45. Kb2 Kb5 46. e4 Bf3 47. e5
fxe5 48. Bxe5 g6 49. Kc3 h5 50. Kb2 a4 51. Ka3 Bd1 52. Bc3 Bb3 53. Bd2 Kc5 54.
f4 Kd5 55. Bc3 Ke6 56. Bd2 Kf5 57. Bc3 Kg4 58. Bd2 Kxg3 0-1

[Event "Tournoi Skype 012B"]
[Site "Skype"]
[Date "????.??.??"]
[Round "2.2"]
[White "Martin, Jean-Claude"]
[Black "Grib, Johannes"]
[Result "0-1"]
[WhiteElo "1439"]
[BlackElo "1357"]
[PlyCount "54"]

1. d4 d5 2. c4 Nf6 3. Nc3 c6 4. Nf3 dxc4 5. e4 b5 6. e5 Nd5 7. Bd2 e6 8. b3 Qa5
9. Nxd5 Qd8 10. bxc4 exd5 11. cxd5 Qxd5 12. Qb3 Qe4+ 13. Be2 Be6 14. Qd3 Qg4
15. O-O Bc4 16. Qe3 Bxe2 17. Qxe2 h6 18. h3 Qe6 19. Qd3 Nd7 20. d5 cxd5 21.
Qxb5 Rb8 22. Qa4 Bc5 23. Rfb1 Rxb1+ 24. Rxb1 O-O 25. Bc3 Qf5 26. Qb5 Rb8 27.
Qf1 Rxb1 0-1

[Event "Tournoi Skype 012B"]
[Site "Skype"]
[Date "????.??.??"]
[Round "2.3"]
[White "Gabriele, Noel"]
[Black "Rugman, Dan"]
[Result "0-1"]
[WhiteElo "1355"]
[BlackElo "1418"]
[PlyCount "42"]

1. e4 c5 2. Nc3 Nc6 3. Bc4 e6 4. Nf3 Nf6 5. O-O d5 6. exd5 exd5 7. Bb3 a6 8. d3
Be7 9. h3 O-O 10. Na4 b5 11. Nc3 c4 12. dxc4 dxc4 13. Bxc4 bxc4 14. Qxd8 Rxd8
15. Re1 Bf5 16. Re2 Nd5 17. Na4 Ndb4 18. Ne1 Rd1 19. Nb6 Nxc2 20. Nxa8 Nxe1 21.
a4 Nf3# 0-1

[Event "Tournoi Skype 012B"]
[Site "Skype"]
[Date "????.??.??"]
[Round "2.4"]
[White "Ali Baig, Zulfqar"]
[Black "Yeter, Orhan"]
[Result "1-0"]
[WhiteElo "1399"]
[BlackElo "1345"]
[PlyCount "55"]

1. d4 Nf6 2. c4 d5 3. Nc3 e6 4. e3 Bb4 5. Qc2 c6 6. Bd3 O-O 7. Nf3 Nbd7 8. O-O
a6 9. cxd5 cxd5 10. a3 Bxc3 11. Qxc3 Re8 12. Qc2 g6 13. Re1 b5 14. e4 Bb7 15.
e5 Rc8 16. Qe2 Ne4 17. Nd2 f6 18. Nxe4 dxe4 19. Bxe4 Bxe4 20. Qxe4 f5 21. Qe3
Nb6 22. Rd1 Nd5 23. Qh6 Ne7 24. Bg5 Rf8 25. Rac1 Rxc1 26. Rxc1 Qxd4 27. Bxe7
Rf7 28. Rc8+ 1-0

[Event "Tournoi Skype 012B"]
[Site "Skype"]
[Date "????.??.??"]
[Round "2.5"]
[White "Capdeville, Jean"]
[Black "Maneval, Dustin"]
[Result "0-1"]
[WhiteElo "1341"]
[BlackElo "1399"]
[PlyCount "98"]

1. e4 e5 2. f4 Nc6 3. Nf3 d6 4. d3 f6 5. f5 Nge7 6. a3 d5 7. Be2 dxe4 8. dxe4
Qxd1+ 9. Bxd1 Nxf5 10. exf5 Bxf5 11. O-O Bc5+ 12. Kh1 O-O-O 13. Nbd2 Bg6 14.
Nh4 Bf7 15. c3 Be7 16. Nf5 Rhg8 17. Nxe7+ Nxe7 18. Bb3 Bxb3 19. Nxb3 b6 20. a4
Rd7 21. c4 c5 22. a5 Kb7 23. axb6 axb6 24. Be3 Rc8 25. Rad1 Kc6 26. Rxd7 Kxd7
27. Rd1+ Ke6 28. g4 Nc6 29. Kg2 Nd4 30. Bxd4 cxd4 31. Nxd4+ exd4 32. Rxd4 b5
33. b3 bxc4 34. Rxc4 Rxc4 35. bxc4 Kd6 36. Kf3 Kc5 37. h4 Kxc4 38. Kf4 Kd5 39.
Kf5 Kd6 40. g5 fxg5 41. hxg5 Ke7 42. Kg4 Ke6 43. Kf4 g6 44. Ke4 Kd6 45. Kf4 Kd5
46. Kf3 Ke5 47. Kg4 Ke4 48. Kg3 Kf5 49. Kh4 Kf4 0-1

[Event "Tournoi Skype 012B"]
[Site "Skype"]
[Date "????.??.??"]
[Round "2.6"]
[White "Milanese, Serge"]
[Black "Roos, Johan"]
[Result "0-1"]
[WhiteElo "1339"]
[BlackElo "1399"]
[PlyCount "70"]

1. e4 c5 2. Nf3 e6 3. c3 Nc6 4. Bc4 d5 5. exd5 exd5 6. Bb3 Qe7+ 7. Qe2 Qxe2+ 8.
Kxe2 Nf6 9. Re1 Be7 10. Kf1 Bg4 11. Ne5 Nxe5 12. Rxe5 Be6 13. d3 Bd6 14. Ba4+
Kd8 15. Re1 Bf5 16. Bg5 Bxd3+ 17. Kg1 Kc7 18. Nd2 Ne4 19. Nxe4 dxe4 20. Rad1 f6
21. Bb5 Bxb5 22. Rxe4 fxg5 23. Re6 Rad8 24. b3 Bxh2+ 25. Kxh2 Rxd1 26. a3 Re8
27. Re3 Rxe3 28. fxe3 Rd3 29. e4 Rxc3 30. e5 Rxb3 31. e6 c4 32. e7 c3 33. Kg3
c2+ 34. Kg4 Bd7+ 35. Kxg5 c1=Q+ 0-1

[Event "Tournoi Skype 012B"]
[Site "Skype"]
[Date "????.??.??"]
[Round "2.8"]
[White "Gharbi, Said"]
[Black "Tamditi, Ibrahim"]
[Result "0-1"]
[WhiteElo "1395"]
[BlackElo "1220"]
[PlyCount "88"]

1. e4 e5 2. f4 exf4 3. d4 d6 4. Bxf4 Nf6 5. e5 dxe5 6. Bxe5 Bd6 7. Nc3 Bxe5 8.
dxe5 Qxd1+ 9. Nxd1 Ne4 10. Ne3 Nc6 11. Nd5 O-O 12. Nxc7 Rb8 13. Nf3 Bg4 14.
O-O-O Nf2 15. h3 Bxf3 16. gxf3 Nxh1 17. Bc4 Nxe5 18. Be2 Nf2 19. Rd5 Rbc8 20.
Nb5 a6 21. Nd6 Rcd8 22. f4 Nc6 23. Bc4 Nb4 24. Rd2 Nxh3 25. f5 b5 26. Bb3 Ng5
27. c4 bxc4 28. Bxc4 Rd7 29. a3 Rfd8 30. Re2 Rxd6 31. axb4 Rd4 32. b3 Rf4 33.
Re5 Kf8 34. b5 f6 35. Rc5 Ne4 36. Rc7 axb5 37. Bxb5 Rxf5 38. Bc4 Rg5 39. Rf7+
Ke8 40. Kb2 Rd2+ 41. Ka3 Nd6 42. Rc7 h5 43. Bf1 Rd1 44. Bh3 Nb5+ 0-1

[Event "Tournoi Skype 012B"]
[Site "Skype"]
[Date "????.??.??"]
[Round "2.9"]
[White "Steenkamp, Brandt"]
[Black "Mordaa, Ahmad"]
[Result "1-0"]
[WhiteElo "1285"]
[BlackElo "1377"]
[PlyCount "69"]

1. e4 c5 2. c3 d6 3. Nf3 Nf6 4. Bb5+ Nc6 5. d3 a6 6. Bxc6+ bxc6 7. O-O e5 8.
Nbd2 Be7 9. a3 O-O 10. b4 cxb4 11. axb4 h6 12. d4 Qc7 13. Qa4 Bd7 14. dxe5 dxe5
15. Qa5 Qxa5 16. Rxa5 Bd8 17. Rxe5 Bc7 18. Rc5 Rfe8 19. Rc4 Re7 20. Ba3 Bd6 21.
e5 Bxe5 22. b5 Re6 23. bxc6 Bxc6 24. Nxe5 Bb5 25. f4 Bxc4 26. Ndxc4 Nd5 27. f5
Ree8 28. Bb2 Rab8 29. Rf2 Rb3 30. Nd3 Nxc3 31. Nd2 Nd1 32. Nxb3 Nxf2 33. Kxf2
Rb8 34. Nbc5 a5 35. f6 1-0

[Event "Tournoi Skype 012B"]
[Site "Skype"]
[Date "????.??.??"]
[Round "2.10"]
[White "Prasad Singh, Ambika"]
[Black "Melin, Christiane"]
[Result "1-0"]
[WhiteElo "1376"]
[BlackElo "1130"]
[PlyCount "67"]

1. e4 e5 2. Bc4 Nf6 3. d3 d6 4. f4 Bg4 5. Nf3 Be7 6. O-O O-O 7. Be3 Nc6 8. c3
Na5 9. Bb5 a6 10. Ba4 exf4 11. Bxf4 b5 12. Bc2 Rb8 13. a3 c6 14. b4 Nb7 15.
Nbd2 d5 16. e5 Nh5 17. Be3 f6 18. d4 fxe5 19. dxe5 Bg5 20. Qe1 h6 21. Bxg5 hxg5
22. e6 Re8 23. Qe5 Rxe6 24. Qxg5 Re2 25. Qxg4 Qc7 26. Qxh5 Qf4 27. Qh7+ Kf8 28.
Qh8+ Kf7 29. Qh5+ Kf8 30. Qf5+ Qxf5 31. Bxf5 Rbe8 32. Bd7 R8e3 33. Bxc6 Rxc3
34. Bxb7 1-0

[Event "Tournoi Skype 012B"]
[Site "Skype"]
[Date "????.??.??"]
[Round "2.12"]
[White "Lecluyse, Koenraad"]
[Black "Vello, Pablo"]
[Result "0-1"]
[WhiteElo "1157"]
[BlackElo "1399"]
[PlyCount "114"]

1. d4 Nf6 2. Nf3 d5 3. Bf4 e6 4. e3 Nbd7 5. Bd3 Be7 6. c3 c5 7. Nbd2 cxd4 8.
cxd4 Bb4 9. O-O Bxd2 10. Nxd2 O-O 11. Bg5 Re8 12. Re1 h6 13. Bh4 g5 14. Bg3 e5
15. e4 exd4 16. Qc2 Ne5 17. Bxe5 Rxe5 18. h3 Bd7 19. Nf3 Rc8 20. Qb1 Re7 21. e5
Ne8 22. b3 Ng7 23. Qb2 Nf5 24. Nxd4 Nxd4 25. Qxd4 Bc6 26. Bf5 Rcc7 27. e6 f6
28. Qxf6 Qf8 29. Qg6+ Qg7 30. Qxg7+ Kxg7 31. Rad1 Rc8 32. Bg4 Rd8 33. b4 a6 34.
Re5 d4 35. Rxd4 Rxd4 36. a3 Be8 37. Be2 Bb5 38. Bf3 Kf8 39. Bd5 Bc4 40. Bxc4
Rxc4 41. Rf5+ Kg7 42. Re5 Rc1+ 43. Kh2 Ra1 44. g3 Rxa3 45. f4 Ra2+ 46. Kg1 Kg6
47. h4 g4 48. f5+ Kf6 49. Rd5 Rb2 50. h5 Rxb4 51. Kf2 b5 52. Ke3 a5 53. Rd7 a4
54. Rd1 a3 55. Rd2 Rb2 56. Kd3 Rxd2+ 57. Kxd2 a2 0-1

[Event "Tournoi Skype 012B"]
[Site "Skype"]
[Date "????.??.??"]
[Round "2.13"]
[White "Lequeux, Pierre"]
[Black "Prasad, Sanjay"]
[Result "1/2-1/2"]
[WhiteElo "1176"]
[BlackElo "1382"]
[PlyCount "141"]

1. Nf3 c5 2. e4 d6 3. Bc4 e5 4. d3 h6 5. Nc3 a6 6. a4 Bd7 7. Bb3 Nf6 8. h3 Be7
9. Nd5 O-O 10. a5 Nc6 11. Bd2 Be6 12. Nxf6+ Bxf6 13. Bxe6 fxe6 14. O-O d5 15.
Re1 dxe4 16. dxe4 Nd4 17. Nxd4 exd4 18. e5 Bg5 19. f4 Bxf4 20. Bxf4 Rxf4 21.
Qd2 Rf5 22. c3 dxc3 23. Qxc3 Qd5 24. Red1 Qxe5 25. Qxe5 Rxe5 26. Rdc1 Rb8 27.
Rab1 Rd5 28. b3 e5 29. Rd1 Rbd8 30. Rdc1 Kf7 31. b4 cxb4 32. Rxb4 Rd1+ 33. Rxd1
Rxd1+ 34. Kh2 Rd7 35. Re4 Kf6 36. g4 Rd5 37. Ra4 g5 38. Kg3 e4 39. Kf2 Re5 40.
Ke3 Re6 41. Rb4 Re7 42. Rb6+ Kg7 43. Rd6 Kf7 44. Rb6 Kg7 45. Rd6 Re5 46. Rd7+
Kg6 47. Rd6+ Kh7 48. Rd7+ Kg8 49. Rxb7 Rxa5 50. Rb8+ Kf7 51. Kxe4 Ra4+ 52. Kf3
Rf4+ 53. Kg3 a5 54. Ra8 a4 55. Ra7+ Kg6 56. Ra6+ Kf7 57. Ra7+ Ke6 58. Ra6+ Kd5
59. Ra5+ Kc4 60. Rxa4+ Kd5 61. Rxf4 gxf4+ 62. Kxf4 Ke6 63. h4 Kf6 64. h5 Kg7
65. Kf5 Kh7 66. g5 hxg5 67. Kxg5 Kg7 68. h6+ Kh7 69. Kh5 Kg8 70. Kg6 Kh8 71. h7
1/2-1/2